Normal view
MARC view
- Lamberton, H. C.
Entry Personal Name
001 - CONTROL NUMBER
- control field: 21506
003 - CONTROL NUMBER IDENTIFIER
- control field: NUST
005 - DATE AND TIME OF LATEST TRANSACTION
- control field: 20190926110508.0
008 - FIXED-LENGTH DATA ELEMENTS
- fixed length control field: 190926|| aca||aabn | a|a d
040 ## - CATALOGING SOURCE
- Original cataloging agency: NUST
- Transcribing agency: NUST
100 ## - HEADING--PERSONAL NAME
- Personal name: Lamberton, H. C.
670 ## - SOURCE DATA FOUND
- Source citation: Work cat.: (NUST)0: Underwater inspection and repair of bridge substructures /, [1981]
